000 007080000a22002050004500
090 _aMM
_b00249
700 1 _aChu, Hsing Wei
_rEd.
_9101072
700 1 _aHong, Seong Min
_rEd.
_9101073
700 1 _aSaito, Nobuo
_rEd.
_9101074
700 1 _aSánchez, Belkis
_rEd.
_9101075
700 1 _aSavoie, Michael
_rEd.
_9101076
700 1 _aZinn, Dale
_rEd.
_9101077
111 2 _aInternational Conference on Computing, Communication and Control Technologies, 3
_lAustin
_fjuly 24-27, 2005
_9101078
245 1 0 _a3rd international conference on computing, communication and control technologies
044 _aEstados Unidos
300 _aCD-ROM
041 0 _aInglés
260 _aAustin
_bIIIS
_c2005
942 _cCD-ROM
999 _c16634
_d16634